00902nam a2200265 u 45000010006000000050017000060080041000230350010000640410008000740820008000821000045000902450084001352600061002193000017002805000043002976500025003406500022003656500028003877000045004159420010004609990017004705020012004875260008004999520129005073597520260428111521.0960313s1982 ||||||m| spa  a35975 aspa 4a30110aBonilla Muñoz, Lilia4auteaut924680210aActitudes de los psicoorientadores ante el consumo y el consumidor de marihuana aMedellín :bEditorial Universidad de Antioquia,c1982. a77 páginas aU de a fac educ dpto psicoorientacion. 7aCannabis2lemb97042 aToxicomanos92443 aPsicoorientadores9560910aCarrillo Acosta, Jaime4auteaut9477178 cTESIS c18459d18459 b153c15 a155 001040708TESISBCaBCbBCd1998-05-14iC61266l0o301.242 B715ap61000002260186r2023-04-20 00:00:00t1w2023-04-20yTESIS